000 00280nam a22001337a 4500
008 171010b xxu||||| |||| 00| 0 eng d
020 _a9780761985181
041 _aeng
080 _a316
100 _a50
101 _aSOC
245 _aSOCIOLOGY
_cNEWMAN.D.M
942 _2udc
_cBK
999 _c32822
_d32822